000 00229nam a2200097Ia 4500
005 20251222114347.0
008 251222s1900||||xx |||||||||||||| ||spa||
082 _aDVD0111/B94/Ej.2
245 0 _aEl cadáver de la novia:
942 _cDVD
999 _c1106
_d1106